| 000 | 00572nam a22001937a 4500 | ||
|---|---|---|---|
| 005 | 20150622170857.0 | ||
| 010 | _aENG-113094 | ||
| 020 |
_a978818789189500 _c600.00 |
||
| 020 |
_a8187891890 _c600.00 |
||
| 035 | _aEN-96626 | ||
| 037 | _bDBAD/PUB | ||
| 082 | _a920 | ||
| 245 |
_aRaja Rammohun Roy : _cedited by Asitabha Das _bcreator of the new Indian age / |
||
| 260 |
_bReaders Service _c2010 _aKolkata |
||
| 270 |
_bKolkata _e700075 _a59/5A, Garfa Main Road |
||
| 300 |
_axx,472p. _c22cm(Hb) |
||
| 700 | _aDas, Asitabha | ||
| 942 |
_2ddc _cEN _mROY _h920 |
||
| 999 |
_c93772 _d93772 |
||